01862nam a2200409 a 4500001001200000003000800012006001900020007001500039008004100054010001700095020002800112040002100140035002100161050002500182082001700207245012400224260006700348300001600415490002500431490002800456504005400484505020200538533015200740650004300892650002400935655002900959700002500988700004701013700004901060700004801109700005501157710001701212830005401229830002601283856012601309999001701435ebr10271427CaPaEBRm u cr cn|||||||||041202s2005 enk sb 000 0 eng  z 2004027977 z0192832948 (alk. paper) aCaPaEBRcCaPaEBR a(OCoLC)64679038014aPR1266b.F675 2005eb04a822/.40822200aFour Restoration libertine playsh[electronic resource] /cedited with an introduction and notes by Deborah Payne Fisk. aOxford, England ;aNew York :bOxford University Press,c2005. aliv, 414 p.1 aOxford English drama1 aOxford world's classics aIncludes bibliographical references (p. li-liii).0 aThe libertine / Thomas Shadwell -- The man of mode ; or, Sir Fopling Flutter / George Etherege -- A fond husband ; or, The plotting sisters / Thomas D'Urfey -- Friendship in fashion / Thomas Otway. aElectronic reproduction.bPalo Alto, Calif. :cebrary,d2013.nAvailable via World Wide Web.nAccess may be limited to ebrary affiliated libraries. 0aEnglish dramayRestoration, 1660-1700. 0aLibertinismvDrama. 7aElectronic books.2local1 aPayne Fisk, Deborah.12aShadwell, Thomas,d1642?-1692.tLibertine.12aEtherege, George,d1635?-1691.tMan of mode.12aD'Urfey, Thomas,d1653-1723.tFond husband.12aOtway, Thomas,d1652-1685.tFriendship in fashion.2 aebrary, Inc. 0aOxford world's classics (Oxford University Press) 0aOxford English drama.40uhttp://site.ebrary.com/lib/rucke/Doc?id=10271427zAn electronic book accessible through the World Wide Web; click to view c22136d22136